000 00641nam a2200217 a 4500
001 12342
003 CO-ViMGA
008 141112s2004 ck r 000 u spa d
020 _a9682302188
040 _aCO-ViMGA
_bspa
_cCO-ViMGA
082 0 4 _a131.342 G73t2
100 1 _aGreenson, Ralph
_917622
245 1 0 _aTecnica y práctica del psiconálisis
250 _a1
260 _aMexico :
_bSiglo Veintiuno,
_c1976
300 _a412p.
590 _aForma de adquisición : DONACION - - Proveedor : RAFAEL SALAMANCA - - Fecha de adquisición : 31 - 01 - 2001
650 1 4 _aMETODOLOGIA
_96148
650 1 4 _aPSICOANALISIS
942 _2ddc
_cBK
999 _c23352
_d23352